000 00375nam a2200133Ia 4500
005 20260328104324.0
008 260328s9999||||xx |||||||||||||| ||und||
100 _aNational Geographic Society
245 4 _aThe Builders :
_b Marvels of Engineering /
_cNational Geographic Society
260 _bNational Geographic
300 _a285 p.
650 _aARQUITECTURA
942 _cBK
999 _c11442
_d11442